| 000 | 00595nam a22001697a 4500 | ||
|---|---|---|---|
| 003 | MACL | ||
| 005 | 20160719130608.0 | ||
| 008 | 160719b xxu||||| |||| 00| 0 eng d | ||
| 040 | _cMACL | ||
| 041 | _aHindi | ||
| 082 | _a741.642 | ||
| 100 |
_aअग्रवाल, यतीश _952212 |
||
| 245 |
_aबुलबुलों की गिनती _cयतीश अग्रवाल |
||
| 260 |
_aनई दिल्ली _bराष्ट्रीय पुस्तक न्यास _c2014 |
||
| 650 |
_aचिल्ड्रन बुक _9159 |
||
| 942 |
_2ddc _cHIN |
||
| 999 |
_c54437 _d54437 |
||